000
00309nam a2200121Ia 4500
005
20251222144822.0
008
251222s9999||||xx |||||||||||||| ||spa||
082
_a
269.2/D22
100
_a
Dammert Bellido, José
245
0
_a
Quinientos Años:
264
_b
Centro de Estudios y Publicaciones
942
_c
LIB
999
_c
20538
_d
20538